Statistics for Countries and how much visitors they have

Click here to take the quiz!

General Stats

  • This quiz has been taken 4 times
  • The average score is 18 of 50

Answer Stats

RankTourist/yearCountries% Correct
189.4 milFrance
100%
379.6 milUnited States
67%
3710.3 milIreland
33%
3610.4 milSouth Africa
33%
3511.0 milTaiwan
33%
3411.3 milEgypt
33%
3311.7 milSwitzerland
33%
3211.7 milDenmark
33%
3112.2 milMorocco
33%
3013.3 milIndonesia
33%
2913.6 milCzech Republic
33%
2814.2 milUkraine
33%
2714.6 milSingapore
33%
2615.2 milSaudi Arabia
33%
2515.3 milSouth Korea
33%
2415.4 milVietnam
33%
2315.9 milUnited Arab Emirates
33%
2216.6 milCroatia
33%
2117.1 milHungary
33%
2017.4 milIndia
33%
1919.0 milNetherlands
33%
1819.6 milPoland
33%
1721.1 milCanada
33%
1622.8 milPortugal
33%
1524.5 milRussia
33%
1425.8 milMalaysia
33%
1330.1 milGreece
33%
1230.8 milAustria
33%
1131.1 milJapan
33%
1036.3 milUnited Kingdom
33%
938.2 milThailand
33%
838.8 milGermany
33%
741.4 milMexico
33%
645.7 milTurkey
33%
505.7 milChile
33%
562.1 milItaly
33%
462.9 milChina
33%
496.2 milCambodia
33%
486.2 milNorway
33%
476.5 milDominican Republic
33%
466.6 milBrazil
33%
456.9 milArgentina
33%
447.0 milSweden
33%
437.1 milPhilippines
33%
427.2 milIran
33%
282.7 milSpain
33%
418.2 milTunisia
33%
409.1 milBelgium
33%
399.2 milAustralia
33%
389.2 milBulgaria
33%

Score Distribution

Percentile by Number Answered

Percent of People with Each Score

Your Score History

You have not taken this quiz